Normal view MARC view

Entry Personal Name

Number of records used in: 1

001 - CONTROL NUMBER

  • control field: 249834

003 - CONTROL NUMBER IDENTIFIER

  • control field: OSt

005 - DATE AND TIME OF LATEST TRANSACTION

  • control field: 20260102095451.0

008 - FIXED-LENGTH DATA ELEMENTS

  • fixed length control field: 260102|| aca||aabn | a|a d

040 ## - CATALOGING SOURCE

  • Original cataloging agency: OSt
  • Transcribing agency: OSt

100 ## - HEADING--PERSONAL NAME

  • Personal name: Soukup, Tom

670 ## - SOURCE DATA FOUND

  • Source citation: Work cat.: (OSt)185183: Soukup, Tom., Visual data mining :, 2002.